Environment & landscape. (Record no. 3125)
[ view plain ]
| 000 -LEADER | |
|---|---|
| fixed length control field | 00996nac a22003371u 4500 |
| 003 - CONTROL NUMBER IDENTIFIER | |
| control field | EG-ScBUE |
| 005 - DATE AND TIME OF LATEST TRANSACTION | |
| control field | 20221004110727.0 |
| 008 - FIXED-LENGTH DATA ELEMENTS--GENERAL INFORMATION | |
| fixed length control field | 221004s2004 ko a f 000 0 eng d |
| 020 ## - INTERNATIONAL STANDARD BOOK NUMBER | |
| International Standard Book Number | 8957700382 (v.1) |
| 020 ## - INTERNATIONAL STANDARD BOOK NUMBER | |
| International Standard Book Number | 978897700754 (v.3) |
| 020 ## - INTERNATIONAL STANDARD BOOK NUMBER | |
| International Standard Book Number | 8957700757 (v.3) |
| 020 ## - INTERNATIONAL STANDARD BOOK NUMBER | |
| International Standard Book Number | 9788957700570 (v.2) |
| 020 ## - INTERNATIONAL STANDARD BOOK NUMBER | |
| International Standard Book Number | 8957700579 (v.2) |
| 020 ## - INTERNATIONAL STANDARD BOOK NUMBER | |
| International Standard Book Number | 9788957700389 (v.1) |
| 020 ## - INTERNATIONAL STANDARD BOOK NUMBER | |
| International Standard Book Number | 8957700374 |
| 040 ## - CATALOGING SOURCE | |
| Original cataloging agency | EG-ScBUE |
| Language of cataloging | eng |
| Description conventions | rda |
| Transcribing agency | EG-ScBUE |
| Modifying agency | EG-ScBUE |
| 041 0# - LANGUAGE CODE | |
| Language code of text/sound track or separate title | eng |
| -- | kor |
| 082 04 - DEWEY DECIMAL CLASSIFICATION NUMBER | |
| Classification number | 712 |
| Edition number | 22 |
| Item number | ENV |
| 100 ## - MAIN ENTRY--PERSONAL NAME | |
| Personal name | 20080729 |
| 245 00 - TITLE STATEMENT | |
| Title | Environment & landscape. |
| 246 3# - VARYING FORM OF TITLE | |
| Title proper/short title | Environment and landscape |
| 264 #1 - PUBLICATION, DISTRIBUTION, ETC. (IMPRINT) | |
| Place of publication, distribution, etc | Seoul, Korea : |
| Name of publisher, distributor, etc | Archiworld, |
| Date of publication, distribution, etc | 2004. |
| 300 ## - PHYSICAL DESCRIPTION | |
| Extent | 3 volumes : |
| Other physical details | color illustrations ; |
| Dimensions | 31 cm |
| 505 ## - FORMATTED CONTENTS NOTE | |
| Formatted contents note | Volume 1 -- Volume 2 -- Volume 3. |
| 546 ## - LANGUAGE NOTE | |
| Language note | Text in Korean and English. |
| 650 #7 - SUBJECT ADDED ENTRY--TOPICAL TERM | |
| Topical term or geographic name as entry element | Landscape architecture. |
| Source of heading or term | BUEsh |
| 650 #7 - SUBJECT ADDED ENTRY--TOPICAL TERM | |
| Topical term or geographic name as entry element | Landscape design. |
| Source of heading or term | BUEsh |
| 653 ## - INDEX TERM--UNCONTROLLED | |
| Resource For college | Arts and Design |
| 655 ## - INDEX TERM--GENRE/FORM | |
| Form subdivision | Reading book |
| 942 ## - ADDED ENTRY ELEMENTS (KOHA) | |
| Koha item type | Book - Borrowing |
| Call number prefix | 712 |
| Source of classification or shelving scheme | Dewey Decimal Classification |
| Withdrawn status | Lost status | Source of classification or shelving scheme | Damaged status | Not for loan | Collection code | Home library | Current library | Shelving location | Date acquired | Source of acquisition | Total Checkouts | Total Renewals | Full call number | Barcode | Date last seen | Date checked out | Price effective from | Koha item type |
|---|---|---|---|---|---|---|---|---|---|---|---|---|---|---|---|---|---|---|
| Dewey Decimal Classification | Alahram | Central Library | Central Library | Second Floor | 21/03/2007 | Purchase | 15 | 62 | 712 ENV | 000001439 | 15/07/2025 | 28/09/2019 | 19/03/2007 | Book - Borrowing | ||||
| Dewey Decimal Classification | Alahram | Central Library | Central Library | Second Floor | 04/04/2007 | Purchase | 14 | 29 | 712 ENV | 000001468 | 15/07/2025 | 25/11/2015 | 21/03/2007 | Book - Borrowing | ||||
| Dewey Decimal Classification | Alahram | Central Library | Central Library | Second Floor | 04/04/2007 | Purchase | 6 | 11 | 712 ENV | 000001454 | 15/07/2025 | 06/02/2012 | 21/03/2007 | Book - Borrowing |